LIBRARY ONLINE CATALOGUE

Global marketing : (Record no. 1025)

MARC details
000 -LEADER
fixed length control field 00710cam a22002172 4500
001 - CONTROL NUMBER
control field 0000019177
005 - DATE AND TIME OF LATEST TRANSACTION
control field 20151021151131.0
008 - FIXED-LENGTH DATA ELEMENTS--GENERAL INFORMATION
fixed length control field 101018s xx 000 0 eng d
020 ## - INTERNATIONAL STANDARD BOOK NUMBER
International Standard Book Number 0071263624 :
040 ## - CATALOGING SOURCE
Original cataloging agency KABU
Transcribing agency KABU
050 #0 - LIBRARY OF CONGRESS CALL NUMBER
Classification number HF1416
Item number .J63 2009
100 1# - MAIN ENTRY--PERSONAL NAME
Personal name Johansson, Johny K.
-- 0000151338
245 10 - TITLE STATEMENT
Title Global marketing :
Remainder of title foreign entry, local marketing, and global management /
Statement of responsibility, etc. Johny K. Johansson.
250 ## - EDITION STATEMENT
Edition statement 5th ed.
260 ## - PUBLICATION, DISTRIBUTION, ETC. (IMPRINT)
Place of publication, distribution, etc. Boston, Massachusetts :
Name of publisher, distributor, etc. Irwin/McGraw-Hill,
Date of publication, distribution, etc. 2009.
300 ## - PHYSICAL DESCRIPTION
Extent xix, 662 p.
650 #0 - SUBJECT ADDED ENTRY--TOPICAL TERM
Topical term or geographic name as entry element Export marketing
General subdivision Management.
-- 0000151323
852 1# - LOCATION
-- p3640 KES
908 ## - PUT COMMAND PARAMETER (RLIN)
Put command parameter 101018
950 ## - LOCAL HOLDINGS (RLIN)
-- 1
Holdings
Withdrawn status Lost status Source of classification or shelving scheme Not for loan Home library Current library Date acquired Total Checkouts Full call number Barcode Date last seen Date last checked out Price effective from Koha item type Copy number
    Library of Congress Classification   Kabarak, Main Campus Kabarak, Main Campus 17/12/2015 1 HF1416 .J63 2009 c. 1 23752 02/08/2024 15/07/2016 17/12/2015 General Collection C.1
    Library of Congress Classification   Kabarak, Main Campus Kabarak, Main Campus 17/12/2015   HF1416 .J63 2009 c. 2 23577 02/08/2024   17/12/2015 General Collection  
    Library of Congress Classification   Kabarak, Nakuru City Campus Kabarak, Nakuru City Campus 21/10/2015 1 HF1416 .J63 2009 c. 1 23287 13/04/2021 23/03/2021 21/10/2015 General Collection